Online
Catalog

Kitab Hurusiyus : (Record no. 38876)

MARC details
000 -CABECERA
campo de control de longitud fija 00824nam a2200205 a 4500
001 - NÚMERO DE CONTROL
campo de control 000039386
005 - FECHA Y HORA DE LA ÚLTIMA TRANSACCIÓN
campo de control 20201002031627.0
008 - DATOS DE LONGITUD FIJA--INFORMACIÓN GENERAL
campo de control de longitud fija 130625s2001 sp 000 0 spa d
020 ## - NÚMERO INTERNACIONAL ESTÁNDAR DEL LIBRO
Número Internacional Estándar del Libro 840007932x
040 ## - FUENTE DE LA CATALOGACIÓN
Centro catalogador/agencia de origen DO-SdBNP
Lengua de catalogación spa
Centro/agencia transcriptor BNPHU
245 00 - MENCIÓN DE TÍTULO
Título Kitab Hurusiyus :
Resto del título traducción árabe de las "Historiae adversus paganos" de Orosio /
Mención de responsabilidad, etc. edición y estudio, Mayte Penelas.
260 ## - PUBLICACIÓN, DISTRIBUCIÓN, ETC.
Lugar de publicación, distribución, etc. Madrid :
Nombre del editor, distribuidor, etc. Consejo Superior de Investigaciones Científicas :
-- Agencia Española de Cooperación Internacional,
Fecha de publicación, distribución, etc. 2001.
300 ## - DESCRIPCIÓN FÍSICA
Extensión 144, 444 p. ;
Dimensiones 24 cm.
490 1# - MENCIÓN DE SERIE
Mención de serie ;
Designación de volumen o secuencia 26
504 ## - NOTA DE BIBLIOGRAFÍA, ETC.
Nota de bibliografía, etc. Bibliografía : 127-144
500 ## - NOTA GENERAL
Nota general Incluye notas al pie de las páginas
546 ## - NOTA DE LENGUA/LENGUAJE
Nota de lengua/lenguaje Texto en la traducción árabe con notas y comentarios en español.
700 1# - PUNTO DE ACCESO ADICIONAL--NOMBRE DE PERSONA
Nombre de persona Penelas, Mayte.
9 (RLIN) 65594
830 #0 - PUNTO DE ACCESO ADICIONAL DE SERIE-TÍTULO UNIFORME
Título uniforme Fuentes arábico-hispanas
Designación de volumen o secuencia 26
9 (RLIN) 65581
Holdings
Estado de retiro Estado de pérdida Restricciones de uso No para préstamo Código de colección Localización permanente Ubicación/localización actual Ubicación en estantería Fecha de adquisición Número de inventario Total de préstamos Signatura topográfica completa Código de barras Fecha visto por última vez Precio válido a partir de Tipo de ítem Koha
      Excluido de préstamo Monografías: Libros y Folletos General General En catalogación 25.06.2013 LF1   39386-10 25.06.2020 25.06.2020 No se presta

Powered by Koha